000 00607nam a2200265Ia 4500
005 20260306164202.0
008 008 260114s9999 xx 000 0 eng d
020 _a9780748697175
037 _aEBOOK
040 _aCRL
040 _beng
040 _cCRL
041 _2eng
041 _aeng
084 _qCRL
100 _aCzajka, Isyar
_91130177
245 0 _aEurope After Derrida
260 _bEdinburgh University Press
260 _c2014
650 _aPhilosophy
856 _uhttps://academic.oup.com/book/18998
942 _cEBOOK
999 _c1713090
_d1713090